Konfigurácia moderných IoT sietí na báze IEEE 802.15.4

Saved in:
Bibliographic Details
Main Author: Kališ, Martin (Author)
Other Authors: Páleník, Tomáš (Thesis advisor)
Format: Manuscript Book
Language:Slovak
Published: Bratislava : STU v Bratislave FEI, 2021
Subjects:
Online Access:https://opac.crzp.sk/?fn=detailBiblioForm&sid=2DF2AC71C78DA39E9CFBBB873752&seo=CRZP-detail-kniha
Tags: Add Tag
No Tags, Be the first to tag this record!

MARC

LEADER 00000ntm a22000003a 4500
001 stuzp82419
003 SK-STU
005 20211130104624.8
007 ta
008 150427s2015----xo-----f-mn---000-0-slo-d
040 |a STU  |b slo 
041 0 |a slo 
044 |a xo 
100 1 |a Kališ, Martin  |u 037000  |4 aut  |U FEI Fakulta elektrotechniky a informatiky  |T FEI Ústav multimediálnych informačných a komunikačných technológií  |X 79585  |U E070  |Y 818  |7 79585 
242 0 1 |a Configuring modern IEEE 802.15.4-based IoT networks  |y eng 
245 1 0 |a Konfigurácia moderných IoT sietí na báze IEEE 802.15.4 
260 |a Bratislava :  |b STU v Bratislave FEI,  |c 2021 
300 |a 64 s., príl. 
650 4 |a Raspberry Pi  |2 slo 
650 4 |a 6LoWPAN  |2 slo 
650 4 |a Internet vecí  |2 slo 
650 4 |a IEEE 802.15.4  |2 slo 
650 4 |a Arduino Uno  |2 slo 
650 4 |a Raspberry Pi  |2 eng 
650 4 |a Arduino Uno  |2 eng 
650 4 |a Internet of Things  |2 eng 
650 4 |a IEEE 802.15.4  |2 eng 
650 4 |a 6LoWPAN  |2 eng 
700 1 |a Páleník, Tomáš  |u 037000  |k Z1  |4 ths  |U FEI Fakulta elektrotechniky a informatiky  |T FEI Ústav multimediálnych informačných a komunikačných technológií  |X 19622  |U E070  |Y 818  |7 A000019622 
856 4 |u https://opac.crzp.sk/?fn=detailBiblioForm&sid=2DF2AC71C78DA39E9CFBBB873752&seo=CRZP-detail-kniha